Statistics for Niall Horan Songs Quiz (2021)

Click here to take the quiz!

General Stats

  • This quiz has been taken 2,003 times
    (1,984 since last reset)
  • The average score is 21 of 30

Answer Stats

AlbumSong% Correct
Flicker
96%
Heartbreak WeatherHeartbreak Weather
95%
This Town
89%
Slow Hands
87%
Nice To Meet Ya
84%
Black And White
83%
Still
81%
Put A Little Love On Me
78%
No Judgement
76%
San Francisco
76%
Everywhere
71%
Seeing Blind
71%
Small Talk
71%
Mirrors
70%
FlickerOn The Loose
69%
Paper Houses
69%
Too Much To Ask
69%
New Angel
67%
Dear Patience
65%
Arms Of A Stranger
63%
Bend The Rules
63%
On My Own
63%
The Tide
63%
Cross Your Mind
61%
Fire Away
59%
You And Me
59%
Since We're Alone
55%
Dress
41%
SinglesFinally Free
40%
Nothing
35%

Score Distribution

Percentile by Number Answered

Percent of People with Each Score

Your Score History

You have not taken this quiz since the last reset